[Event "Continental op"]
[Site "Sturbridge MA"]
[Date "2018.08.19"]
[Round "7.6"]
[White "Zhang, Yuanchen"]
[Black "Samadashvili, Martha"]
[Result "1-0"]
[WhiteElo "2281"]
[BlackElo "2136"]
[PlyCount "89"]
[GameId "2130307616925478"]
[EventDate "2018.08.16"]
[EventType "swiss"]
[EventRounds "9"]
[EventCountry "USA"]
[SourceTitle "10 Days #553"]
[Source "ChessMix"]
[SourceDate "2018.09.01"]
[SourceVersion "1"]
[SourceVersionDate "2018.09.01"]
[SourceQuality "1"]

1. d4 Nf6 2. c4 e6 3. Nc3 Bb4 4. e3 O-O 5. Bd3 d5 6. Nf3 b6 7. O-O Bb7 8. a3 Bd6 9. b3 Nbd7 10. Bb2 a6 11. Ne2 c5 12. cxd5 Bxd5 13. Ng3 cxd4 14. Nxd4 Nc5 15. Bc2 Nce4 16. Nde2 Qe7 17. Nf4 Bxf4 18. exf4 Nxg3 19. hxg3 Rfd8 20. Qe2 Bc6 21. Rfd1 Bb5 22. Qf3 Rac8 23. Rxd8+ Qxd8 24. Rd1 Qc7 25. Bb1 Bc6 26. Qd3 Bb7 27. g4 Qc5 28. Bxf6 gxf6 29. Qxh7+ Kf8 30. Bg6 fxg6 31. Qxb7 Qc7 32. Qxc7 Rxc7 33. Rd6 Ke7 34. Rxb6 Rc3 35. g3 a5 36. a4 Rd3 37. Kf1 Kd7 38. Ke2 Rc3 39. Rb5 Ke7 40. Rxa5 Rxb3 41. Ra7+ Kf8 42. a5 Ra3 43. a6 Kg8 44. Kd2 Rf3 45. Rb7 1-0

[Event "Continental op"]
[Site "Sturbridge MA"]
[Date "2018.08.19"]
[Round "8.6"]
[White "Mishra, Abhimanyu"]
[Black "Zhang, Yuanchen"]
[Result "1/2-1/2"]
[WhiteElo "2166"]
[BlackElo "2281"]
[PlyCount "170"]
[GameId "2130307616929578"]
[EventDate "2018.08.16"]
[EventType "swiss"]
[EventRounds "9"]
[EventCountry "USA"]
[SourceTitle "10 Days #553"]
[Source "ChessMix"]
[SourceDate "2018.09.01"]
[SourceVersion "1"]
[SourceVersionDate "2018.09.01"]
[SourceQuality "1"]

1. e4 e5 2. Nf3 Nc6 3. Bc4 Bc5 4. c3 Nf6 5. d3 d6 6. O-O O-O 7. Nbd2 a6 8. Bb3 Ba7 9. h3 h6 10. Re1 Ne7 11. Nf1 Ng6 12. Ng3 Re8 13. Be3 Bxe3 14. Rxe3 Bd7 15. d4 Qc8 16. Qe1 a5 17. Rd1 a4 18. Bc4 b5 19. Bf1 Rb8 20. b3 Be6 21. d5 Bd7 22. c4 bxc4 23. Bxc4 Qb7 24. Rc1 Qa7 25. bxa4 Qxa4 26. Bb3 Qa7 27. Rec3 Rb7 28. Qd2 Ra8 29. Qc2 Ne8 30. Nf1 Nf4 31. Ne3 Ba4 32. Kh2 Bxb3 33. Rxb3 Rxb3 34. axb3 Qa2 35. Ne1 Qxc2 36. N1xc2 Nd3 37. Rf1 Nc5 38. f3 Nxb3 39. Rb1 Nc5 40. Ra1 Rxa1 41. Nxa1 g6 42. g4 Kf8 43. Nac2 Nd3 44. Na3 Ke7 45. Kg3 Nf6 46. Nac4 Nd7 47. Na5 N7c5 48. Nc6+ Kd7 49. Nb8+ Ke8 50. Nc2 Nb3 51. Nc6 Nbc1 52. N6b4 Ne2+ 53. Kg2 Nef4+ 54. Kg3 Kd7 55. Nxd3 Nxd3 56. Ne3 Nb4 57. h4 c6 58. h5 gxh5 59. dxc6+ Nxc6 60. Nf5 hxg4 61. Kxg4 Ke6 62. Nxh6 Ne7 63. f4 Kf6 64. fxe5+ dxe5 65. Kf3 Nc6 66. Ke3 Kg6 67. Nf5 Kg5 68. Nd6 f6 69. Ne8 Nd4 70. Nc7 Nc6 71. Nd5 Nd8 72. Nc7 Nf7 73. Ne6+ Kg4 74. Nf8 Nd6 75. Nd7 Ne8 76. Nc5 Ng7 77. Nd7 Nh5 78. Nb6 Nf4 79. Nd7 Kg5 80. Kf3 Ne6 81. Nb6 Nd4+ 82. Ke3 Nc2+ 83. Kf3 Ne1+ 84. Ke3 Ng2+ 85. Kf3 Nf4 1/2-1/2

[Event "Continental op"]
[Site "Sturbridge MA"]
[Date "2018.08.20"]
[Round "9.4"]
[White "Gorovets, Andrey"]
[Black "Zhang, Yuanchen"]
[Result "1-0"]
[WhiteElo "2495"]
[BlackElo "2281"]
[PlyCount "39"]
[GameId "2130307616929586"]
[EventDate "2018.08.16"]
[EventType "swiss"]
[EventRounds "9"]
[EventCountry "USA"]
[SourceTitle "10 Days #553"]
[Source "ChessMix"]
[SourceDate "2018.09.01"]
[SourceVersion "1"]
[SourceVersionDate "2018.09.01"]
[SourceQuality "1"]

1. d4 Nf6 2. Bf4 e6 3. e3 c5 4. c3 Nc6 5. Nd2 d5 6. Ngf3 Bd6 7. Bg3 O-O 8. Bd3 b6 9. e4 dxe4 10. Nxe4 Nxe4 11. Bxe4 Bb7 12. Qa4 Qc7 13. dxc5 bxc5 14. O-O-O Bf4+ 15. Kb1 e5 16. Qb5 Rfd8 17. Bxf4 exf4 18. Qxc5 Nd4 19. Bxh7+ Kxh7 20. Ng5+ 1-0

[Event "Continental op"]
[Site "Sturbridge USA"]
[Date "2018.08.16"]
[Round "1.10"]
[White "Zhang, Yuanchen"]
[Black "Slade, Theodore"]
[Result "1-0"]
[WhiteElo "2281"]
[BlackElo "1960"]
[PlyCount "101"]
[GameId "2130307616929591"]
[EventDate "2018.08.16"]
[EventType "swiss"]
[EventRounds "9"]
[EventCountry "USA"]
[SourceTitle "The Week in Chess 1241"]
[Source "Mark Crowther"]
[SourceDate "2018.08.20"]
[SourceVersion "1"]
[SourceVersionDate "2018.08.20"]
[SourceQuality "2"]

1. d4 Nf6 2. c4 e6 3. Nc3 Bb4 4. e3 O-O 5. Bd3 c5 6. Nf3 d5 7. O-O dxc4 8. Bxc4 cxd4 9. exd4 b6 10. Bg5 Bb7 11. Qe2 Qc8 12. Bd3 Nbd7 13. Rac1 Qd8 14. Rfd1 Be7 15. Bb1 h6 16. Bf4 Nd5 17. Qd3 N7f6 18. Be5 Re8 19. Nxd5 Bxd5 20. Rc7 Be4 21. Qa6 Bxf3 22. gxf3 Bd6 23. Bxd6 Qxd6 24. Rxa7 Rxa7 25. Qxa7 Qc6 26. Qa3 Nd5 27. Qd3 Nf4 28. Qe4 Qc7 29. Qe5 Qxe5 30. dxe5 Rc8 31. h4 Kf8 32. Kh2 Rc5 33. Re1 Ng6 34. Bxg6 fxg6 35. Re2 Ke7 36. Kg3 b5 37. f4 Rd5 38. Kf3 Kd7 39. Ke3 Ke7 40. Rc2 Rd1 41. Rc7+ Kf8 42. Rb7 Rd5 43. Ke4 Rc5 44. a3 Rd5 45. b4 Kg8 46. Rb6 Kf7 47. Rd6 Rxd6 48. exd6 Ke8 49. Kd4 Kd7 50. Ke5 h5 51. f3 1-0

[Event "North American-ch U20"]
[Site "Irving USA"]
[Date "2017.09.01"]
[Round "2.5"]
[White "Kumar, Nikhil"]
[Black "Zhang, Yuanchen"]
[Result "1/2-1/2"]
[WhiteElo "2317"]
[BlackElo "2272"]
[PlyCount "114"]
[GameId "2130307628506451"]
[EventDate "2017.08.31"]
[EventType "swiss"]
[EventRounds "9"]
[EventCountry "USA"]
[SourceTitle "10 Days #519"]
[Source "Chess Mix"]
[SourceDate "2017.09.20"]
[SourceVersion "1"]
[SourceVersionDate "2017.09.20"]
[SourceQuality "1"]

1. d4 Nf6 2. c4 e6 3. Nc3 Bb4 4. e3 O-O 5. Bd3 d5 6. Nf3 c5 7. O-O Nc6 8. cxd5 exd5 9. dxc5 Bxc5 10. h3 Re8 11. Ne2 a5 12. b3 Qe7 13. Bb2 Be6 14. Rc1 Ba3 15. Qc2 Rec8 16. Qb1 a4 17. Nf4 axb3 18. axb3 Bxb2 19. Qxb2 Qa3 20. Qe2 Nb4 21. Rxc8+ Rxc8 22. Nd4 Bd7 23. g4 g5 24. Ng2 Nxd3 25. Qxd3 Ne4 26. Ne2 Qc5 27. Qd4 Qb5 28. Ng3 Nxg3 29. fxg3 Rc6 30. Qe5 h6 31. Qe7 Be6 32. h4 d4 33. Qd8+ Kh7 34. Qxd4 Qxb3 35. Qe4+ Kg8 36. hxg5 hxg5 37. Qe5 Qd5 38. Qxd5 Bxd5 39. Rf5 Rc1+ 40. Kh2 Bc6 41. Rxg5+ Kf8 42. e4 Bxe4 43. Re5 Bf3 44. Re3 Bxg4 45. Nf4 Bd7 46. Kg2 Bc6+ 47. Kf2 Rc2+ 48. Ke1 b5 49. Nd3 Rc4 50. Kd2 f6 51. Nb2 Rc5 52. Nd3 Rd5 53. Re6 Bd7 54. Rxf6+ Ke7 55. Rf3 Bf5 56. Kc3 Kd6 57. Re3 Bxd3 1/2-1/2

[Event "North American-ch U20"]
[Site "Irving USA"]
[Date "2017.09.02"]
[Round "3.6"]
[White "Zhang, Yuanchen"]
[Black "Tiglon, Bryce"]
[Result "1/2-1/2"]
[WhiteElo "2272"]
[BlackElo "2395"]
[PlyCount "71"]
[GameId "2130307628506459"]
[EventDate "2017.08.31"]
[EventType "swiss"]
[EventRounds "9"]
[EventCountry "USA"]
[SourceTitle "10 Days #519"]
[Source "Chess Mix"]
[SourceDate "2017.09.20"]
[SourceVersion "1"]
[SourceVersionDate "2017.09.20"]
[SourceQuality "1"]

1. d4 Nf6 2. c4 g6 3. Nc3 d5 4. Nf3 Bg7 5. Qb3 dxc4 6. Qxc4 O-O 7. e4 Na6 8. Be2 c5 9. d5 e6 10. O-O exd5 11. exd5 Re8 12. Rd1 Bd7 13. d6 Bc6 14. Be3 h6 15. Rac1 Re6 16. Qb3 Qe8 17. Bxa6 bxa6 18. Bxc5 Nd7 19. Ba3 Rb8 20. Qc4 Bxf3 21. gxf3 Ne5 22. Qe4 Rd8 23. Nd5 f5 24. Qe2 g5 25. Nc7 Qh5 26. Nxe6 Nxf3+ 27. Qxf3 Qxf3 28. Nxd8 Be5 29. Nc6 Bxh2+ 30. Kxh2 Qxf2+ 31. Kh1 Qf3+ 32. Kg1 Qg3+ 33. Kf1 Qf3+ 34. Kg1 Qg3+ 35. Kf1 Qf3+ 36. Kg1 1/2-1/2

[Event "North American-ch U20"]
[Site "Irving USA"]
[Date "2017.09.02"]
[Round "4.4"]
[White "Zhang, Yuanchen"]
[Black "Taghizadeh, Rayan"]
[Result "1/2-1/2"]
[WhiteElo "2272"]
[BlackElo "2374"]
[PlyCount "68"]
[GameId "2130307628506464"]
[EventDate "2017.08.31"]
[EventType "swiss"]
[EventRounds "9"]
[EventCountry "USA"]
[SourceTitle "10 Days #519"]
[Source "Chess Mix"]
[SourceDate "2017.09.20"]
[SourceVersion "1"]
[SourceVersionDate "2017.09.20"]
[SourceQuality "1"]

1. d4 Nf6 2. c4 e6 3. Nc3 Bb4 4. e3 O-O 5. Bd3 Re8 6. Nge2 d5 7. a3 Bf8 8. O-O c6 9. e4 dxe4 10. Nxe4 Nbd7 11. N2g3 c5 12. dxc5 Nxc5 13. Nxf6+ Qxf6 14. Ne4 Nxe4 15. Bxe4 Rd8 16. Qc2 Qh4 17. Be3 f5 18. Bf3 e5 19. Bd5+ Kh8 20. f4 Bd6 21. g3 Qf6 22. Rad1 Be6 23. Qc3 Bxd5 24. Rxd5 Re8 25. Bf2 Bc7 26. fxe5 Bxe5 27. Bd4 Bxd4+ 28. Qxd4 Qxd4+ 29. Rxd4 g6 30. Rd7 b6 31. Kf2 Re4 32. Re1 Rae8 33. Rxe4 Rxe4 34. b3 a5 1/2-1/2

[Event "North American-ch U20"]
[Site "Irving USA"]
[Date "2017.09.03"]
[Round "5.6"]
[White "Hong, Andrew"]
[Black "Zhang, Yuanchen"]
[Result "1-0"]
[WhiteElo "2283"]
[BlackElo "2272"]
[PlyCount "84"]
[GameId "2130307628506473"]
[EventDate "2017.08.31"]
[EventType "swiss"]
[EventRounds "9"]
[EventCountry "USA"]
[SourceTitle "10 Days #519"]
[Source "Chess Mix"]
[SourceDate "2017.09.20"]
[SourceVersion "1"]
[SourceVersionDate "2017.09.20"]
[SourceQuality "1"]

1. e4 e5 2. Nf3 Nc6 3. Bb5 a6 4. Ba4 Nf6 5. O-O Be7 6. Re1 b5 7. Bb3 O-O 8. a4 b4 9. d4 d6 10. dxe5 dxe5 11. Nbd2 Bc5 12. h3 h6 13. Qe2 Qe7 14. a5 Rd8 15. Bc4 Bb7 16. c3 Nb8 17. Nh4 Nbd7 18. Qf3 Ne8 19. Nf5 Qf6 20. Nb3 Bf8 21. Qe3 Nd6 22. Nxd6 Bxd6 23. Bd2 bxc3 24. Bxc3 Qg6 25. Nd2 Bc5 26. Qe2 Nf6 27. Bd3 Qg3 28. Bc2 Nh5 29. Nf1 Qg5 30. Qg4 Qxg4 31. hxg4 Nf6 32. Bxe5 Bxf2+ 33. Kxf2 Nxg4+ 34. Ke2 Nxe5 35. Nd2 Bc6 36. Ba4 Rab8 37. b3 Rb4 38. Rec1 Bxe4 39. Rxc7 Bd3+ 40. Kf2 Rd6 41. Re1 Rd5 42. Re7 Ng6 1-0

[Event "North American-ch U20"]
[Site "Irving USA"]
[Date "2017.09.04"]
[Round "7.5"]
[White "Zhang, Yuanchen"]
[Black "Peng, David T"]
[Result "1/2-1/2"]
[WhiteElo "2272"]
[BlackElo "2351"]
[PlyCount "196"]
[GameId "2130307628506485"]
[EventDate "2017.08.31"]
[EventType "swiss"]
[EventRounds "9"]
[EventCountry "USA"]
[SourceTitle "10 Days #519"]
[Source "Chess Mix"]
[SourceDate "2017.09.20"]
[SourceVersion "1"]
[SourceVersionDate "2017.09.20"]
[SourceQuality "1"]

1. d4 Nf6 2. c4 g6 3. Nc3 d5 4. Nf3 Bg7 5. Qb3 dxc4 6. Qxc4 O-O 7. e4 Be6 8. d5 Bc8 9. Be2 c6 10. O-O cxd5 11. exd5 Nbd7 12. Rd1 Ne8 13. Bf4 Nd6 14. Qb3 Qa5 15. Nb5 Nc5 16. Qe3 Qb6 17. Nbd4 Bg4 18. Ne5 Bxe2 19. Qxe2 Rfd8 20. Rac1 Rac8 21. h3 Na4 22. Rxc8 Rxc8 23. Nb3 Qb5 24. Qxb5 Nxb5 25. Rd2 g5 26. Bg3 Nd6 27. Re2 Nf5 28. Bh2 Nd4 29. Re1 Nxb3 30. axb3 Nxb2 31. Bg3 Rd8 32. Nc4 Nxc4 33. bxc4 Kf8 34. Bc7 Rd7 35. Bb8 a5 36. Re3 b6 37. Ra3 Bd4 38. Kf1 Bc5 39. Ra2 e6 40. dxe6 fxe6 41. Ke2 Rd4 42. Ra4 Ke7 43. f3 Kf6 44. Bg3 Rd7 45. Be1 Ke5 46. Ra2 Kd6 47. Bd2 Rg7 48. Bc3 Rf7 49. Kd3 Ra7 50. Bd2 Rg7 51. Kc2 Bd4 52. Kd3 e5 53. Bc3 Kc6 54. Bxd4 Rd7 55. Rb2 Rxd4+ 56. Kc3 Rd1 57. Re2 Rg1 58. Rxe5 Rxg2 59. Re6+ Kc5 60. Re5+ Kd6 61. Rb5 Kc6 62. Rf5 Rg3 63. Rf6+ Kc5 64. Rf5+ Kd6 65. Kd4 Rxh3 66. Rxg5 Rxf3 67. Rh5 Rf4+ 68. Kc3 Rf7 69. Rh6+ Kc5 70. Rh5+ Kc6 71. Rh6+ Kb7 72. Kb3 Rf3+ 73. Kb2 Rf7 74. Kb3 Rc7 75. Rh4 Ka6 76. Rh6 Kb7 77. Rh4 Kc6 78. Rh6+ Kc5 79. Kc3 Rb7 80. Rh5+ Kd6 81. Kd4 Ke6 82. Rh6+ Kf5 83. Kd5 Kg5 84. Rh1 Rc7 85. Rg1+ Kf4 86. Rf1+ Ke3 87. Re1+ Kd3 88. Rd1+ Kc2 89. Rh1 a4 90. Ra1 Ra7 91. Kc6 Kb2 92. Rh1 a3 93. Kxb6 Re7 94. c5 a2 95. Rh2+ Ka3 96. Rh3+ Ka4 97. Rh4+ Kb3 98. Rh3+ Kb2 1/2-1/2

[Event "North American-ch U20"]
[Site "Irving USA"]
[Date "2017.09.04"]
[Round "8.5"]
[White "Liu, Bovey"]
[Black "Zhang, Yuanchen"]
[Result "1/2-1/2"]
[WhiteElo "2252"]
[BlackElo "2272"]
[PlyCount "82"]
[GameId "2130307628506490"]
[EventDate "2017.08.31"]
[EventType "swiss"]
[EventRounds "9"]
[EventCountry "USA"]
[SourceTitle "10 Days #519"]
[Source "Chess Mix"]
[SourceDate "2017.09.20"]
[SourceVersion "1"]
[SourceVersionDate "2017.09.20"]
[SourceQuality "1"]

1. e4 e5 2. Nf3 Nc6 3. Bc4 Bc5 4. c3 Nf6 5. d3 O-O 6. O-O d6 7. a4 a5 8. Bg5 h6 9. Bh4 g5 10. Bg3 Ba7 11. Na3 Ne7 12. Bb3 Ng6 13. h3 Be6 14. Bxe6 fxe6 15. Nc4 Nh5 16. Bh2 Nhf4 17. d4 Qf6 18. dxe5 dxe5 19. Bxf4 exf4 20. Qe2 Rf7 21. Nh2 Qg7 22. Nd2 Ne5 23. Rad1 Raf8 24. Kh1 Kh8 25. Qh5 Kh7 26. Ndf3 Nxf3 27. Nxf3 Re7 28. Rd2 c6 29. Rfd1 Bb6 30. Kg1 Rff7 31. Kf1 Bc7 32. Rd3 Qg6 33. Qxg6+ Kxg6 34. Ke2 h5 35. Nd4 g4 36. hxg4 hxg4 37. Rh1 Bb6 38. Rh4 Kg5 39. Rh8 Kg6 40. Rh4 Kg5 41. Rh8 Kg6 1/2-1/2

[Event "North American-ch U20"]
[Site "Irving USA"]
[Date "2017.09.05"]
[Round "9.2"]
[White "Zhang, Yuanchen"]
[Black "Checa, Nicolas"]
[Result "1/2-1/2"]
[WhiteElo "2272"]
[BlackElo "2454"]
[PlyCount "158"]
[GameId "2130307628506494"]
[EventDate "2017.08.31"]
[EventType "swiss"]
[EventRounds "9"]
[EventCountry "USA"]
[SourceTitle "10 Days #519"]
[Source "Chess Mix"]
[SourceDate "2017.09.20"]
[SourceVersion "1"]
[SourceVersionDate "2017.09.20"]
[SourceQuality "1"]

1. d4 d5 2. c4 c6 3. Nf3 Nf6 4. e3 Bg4 5. h3 Bf5 6. Nc3 e6 7. Bd3 Bg6 8. O-O Bb4 9. Bxg6 hxg6 10. Qb3 Qe7 11. a3 Bxc3 12. bxc3 Qc7 13. a4 O-O 14. Ba3 Rc8 15. Rfc1 Nbd7 16. Nd2 Nb6 17. Rab1 Rab8 18. Re1 Nbd7 19. e4 Nxe4 20. Nxe4 dxe4 21. Rxe4 b5 22. Ree1 bxa4 23. Qxa4 c5 24. Rxb8 Rxb8 25. Rc1 Rd8 26. Qa6 Nb8 27. Qb5 cxd4 28. cxd4 Rxd4 29. Bc5 Rd8 30. Ra1 Nc6 31. Be3 e5 32. Qc5 Kh7 33. h4 Qd7 34. Qd5 Qc7 35. Qc5 f6 36. Ra6 Rd6 37. Ra1 Qd7 38. Qa3 a5 39. Qa4 Rd3 40. Rb1 f5 41. Rb6 f4 42. Qxc6 Rd1+ 43. Kh2 Qg4 44. Qf3 Qxh4+ 45. Qh3 Qxh3+ 46. gxh3 fxe3 47. fxe3 Re1 48. Rb3 Kh6 49. Ra3 Kg5 50. Kg3 Kf5 51. c5 Rc1 52. Rxa5 Ke4 53. Ra3 Rxc5 54. Ra6 Kxe3 55. Rxg6 Rc1 56. Kg2 Rc7 57. Rg3+ Kd2 58. Rg4 Rd7 59. Ra4 Ke3 60. Ra3+ Ke2 61. Ra2+ Rd2 62. Ra7 e4 63. Rxg7 e3 64. Ra7 Rc2 65. h4 Kd2 66. Ra1 Kd3+ 67. Kf3 Rf2+ 68. Kg3 Rc2 69. Kf3 Rf2+ 70. Kg3 Ke2 71. Ra2+ Ke1 72. Ra1+ Kd2 73. Ra2+ Kd3 74. Rxf2 exf2 75. Kxf2 Ke4 76. Kg3 Ke3 77. Kg2 Kd2 78. Kg3 Kd3 79. Kf2 Ke4 1/2-1/2

[Event "CCCSA IM-B"]
[Site "Charlotte USA"]
[Date "2017.03.29"]
[Round "1.5"]
[White "Zhang, Yuanchen"]
[Black "Ynojosa Aponte, Felix Jose"]
[Result "0-1"]
[WhiteElo "2268"]
[BlackElo "2378"]
[PlyCount "70"]
[GameId "2130307634949236"]
[EventDate "2017.03.29"]
[EventType "tourn"]
[EventRounds "9"]
[EventCountry "USA"]
[EventCategory "3"]
[SourceTitle "10 Days #504"]
[Source "Chess Mix"]
[SourceDate "2017.04.20"]
[SourceVersion "1"]
[SourceVersionDate "2017.04.20"]
[SourceQuality "1"]

1. e4 c5 2. Nf3 Nc6 3. Bb5 e6 4. O-O Nge7 5. Re1 Nd4 6. Nxd4 cxd4 7. c3 a6 8. Bf1 Nc6 9. b4 Be7 10. a4 O-O 11. Ba3 dxc3 12. dxc3 d6 13. b5 Ne5 14. Nd2 Qc7 15. Nf3 Qxc3 16. Re3 Nxf3+ 17. Rxf3 Qe5 18. Rb1 Re8 19. Bb2 Qxe4 20. Bd3 Qd5 21. Qc2 g6 22. Bc4 Qg5 23. Re1 Rf8 24. Qc3 e5 25. Qb3 Bf5 26. Bc1 Qh4 27. h3 axb5 28. axb5 Kg7 29. Bb2 h5 30. Bd5 Be6 31. g3 Qxh3 32. Rfe3 Bf6 33. f4 Rfe8 34. fxe5 dxe5 35. Bxe5 Bxe5 0-1

[Event "CCCSA IM-B"]
[Site "Charlotte USA"]
[Date "2017.03.30"]
[Round "2.2"]
[White "Ghatti, Sanjay"]
[Black "Zhang, Yuanchen"]
[Result "0-1"]
[WhiteElo "2276"]
[BlackElo "2268"]
[PlyCount "104"]
[GameId "2130307634953334"]
[EventDate "2017.03.29"]
[EventType "tourn"]
[EventRounds "9"]
[EventCountry "USA"]
[EventCategory "3"]
[SourceTitle "10 Days #504"]
[Source "Chess Mix"]
[SourceDate "2017.04.20"]
[SourceVersion "1"]
[SourceVersionDate "2017.04.20"]
[SourceQuality "1"]

1. e4 e5 2. Nc3 Nf6 3. Bc4 Bc5 4. d3 Nc6 5. Nge2 a6 6. O-O d6 7. Nd5 Nxd5 8. Bxd5 O-O 9. c3 Ne7 10. Bb3 Ba7 11. Kh1 d5 12. exd5 Nxd5 13. d4 exd4 14. Nxd4 c6 15. Qd3 Nf6 16. Bc2 h6 17. Bf4 Bb8 18. Bxb8 Rxb8 19. Qg3 Bd7 20. Rad1 Qa5 21. b4 Qg5 22. Qc7 Bg4 23. Rde1 Nd5 24. Qg3 Bh5 25. Qxg5 hxg5 26. Bb3 Nxc3 27. Re5 Rfd8 28. Rxg5 Rxd4 29. Rxh5 Rxb4 30. Rf5 Rf8 31. Re1 Nb5 32. g3 g6 33. Rfe5 Nd4 34. R1e4 a5 35. Bd1 Rd8 36. Kg2 Rb1 37. Re1 b5 38. h4 Ne6 39. Bf3 Rxe1 40. Rxe1 c5 41. h5 gxh5 42. Bxh5 c4 43. Bg4 c3 44. Bxe6 fxe6 45. Rc1 b4 46. Kf3 Rd2 47. a3 Rb2 48. Ke3 c2 49. axb4 axb4 50. Kd2 b3 51. f4 Rb1 52. g4 Kf7 0-1

[Event "CCCSA IM-B"]
[Site "Charlotte USA"]
[Date "2017.03.30"]
[Round "3.4"]
[White "Zhang, Yuanchen"]
[Black "Hong, Andrew"]
[Result "1-0"]
[WhiteElo "2268"]
[BlackElo "2378"]
[PlyCount "73"]
[GameId "2130307634953341"]
[EventDate "2017.03.29"]
[EventType "tourn"]
[EventRounds "9"]
[EventCountry "USA"]
[EventCategory "3"]
[SourceTitle "10 Days #504"]
[Source "Chess Mix"]
[SourceDate "2017.04.20"]
[SourceVersion "1"]
[SourceVersionDate "2017.04.20"]
[SourceQuality "1"]

1. e4 c5 2. Nf3 d6 3. d4 cxd4 4. Nxd4 Nf6 5. Nc3 a6 6. Nb3 b5 7. Be3 Bb7 8. Nd5 Nbd7 9. a4 b4 10. Be2 e6 11. Nxf6+ Nxf6 12. f3 Qc7 13. c4 bxc3 14. Rc1 d5 15. O-O Bd6 16. Rxc3 Bxh2+ 17. Kh1 Qg3 18. Bg1 Bxg1 19. Kxg1 Qb8 20. Nc5 Bc8 21. Rb3 Qa7 22. Qd4 O-O 23. e5 Nd7 24. Rc1 Nxc5 25. Rxc5 Bd7 26. a5 Rfb8 27. Rb6 Bc8 28. Qb4 h6 29. Kh1 Kh7 30. Bd3+ g6 31. Rc3 Kg7 32. f4 Bd7 33. Qe7 d4 34. Bxg6 Rf8 35. Qf6+ Kg8 36. Rg3 Qxb6 37. Bh7+ 1-0

[Event "CCCSA IM-B"]
[Site "Charlotte USA"]
[Date "2017.03.31"]
[Round "4.3"]
[White "Young, Angelo"]
[Black "Zhang, Yuanchen"]
[Result "0-1"]
[WhiteElo "2294"]
[BlackElo "2268"]
[PlyCount "74"]
[GameId "2130307634953345"]
[EventDate "2017.03.29"]
[EventType "tourn"]
[EventRounds "9"]
[EventCountry "USA"]
[EventCategory "3"]
[SourceTitle "10 Days #504"]
[Source "Chess Mix"]
[SourceDate "2017.04.20"]
[SourceVersion "1"]
[SourceVersionDate "2017.04.20"]
[SourceQuality "1"]

1. Nf3 Nf6 2. c4 e6 3. b3 d5 4. Bb2 Be7 5. g3 O-O 6. Bg2 c5 7. cxd5 exd5 8. d4 Nc6 9. O-O Re8 10. Nc3 Bg4 11. dxc5 Bxc5 12. Na4 Bf8 13. Rc1 Rc8 14. h3 Bf5 15. e3 Ne4 16. Qe2 Qd7 17. g4 Bg6 18. Rfd1 h5 19. Nh4 Bh7 20. gxh5 d4 21. Qc4 Qe7 22. Ng6 Qg5 23. Nxf8 Rxf8 24. Qe2 b5 25. Ba3 Rfe8 26. f4 Qg3 27. Nc5 Nc3 28. Qe1 Qxe3+ 29. Qxe3 Rxe3 30. Na6 Nxd1 31. Rxd1 d3 32. Bf1 Nd4 33. Bc5 Ne2+ 34. Kf2 Re6 35. Nb4 Rxc5 36. Nxd3 Bxd3 37. Rxd3 Nxf4 0-1

[Event "CCCSA IM-B"]
[Site "Charlotte USA"]
[Date "2017.03.31"]
[Round "5.3"]
[White "Zhang, Yuanchen"]
[Black "Moon, Benjamin"]
[Result "0-1"]
[WhiteElo "2268"]
[BlackElo "2254"]
[PlyCount "76"]
[GameId "2130307634953350"]
[EventDate "2017.03.29"]
[EventType "tourn"]
[EventRounds "9"]
[EventCountry "USA"]
[EventCategory "3"]
[SourceTitle "10 Days #504"]
[Source "Chess Mix"]
[SourceDate "2017.04.20"]
[SourceVersion "1"]
[SourceVersionDate "2017.04.20"]
[SourceQuality "1"]

1. d4 Nf6 2. c4 g6 3. Nc3 Bg7 4. e4 d6 5. f3 O-O 6. Be3 Nc6 7. Nge2 a6 8. Qd2 Bd7 9. g4 b5 10. h4 h5 11. g5 Ne8 12. c5 dxc5 13. dxc5 b4 14. Nd1 Ne5 15. Nd4 Bb5 16. Be2 Bxe2 17. Qxe2 Qd7 18. Nf2 Nc6 19. Nxc6 Qxc6 20. O-O Qe6 21. Nd3 a5 22. Nf4 Qe5 23. Rab1 c6 24. Qc4 Nc7 25. Kg2 Kh7 26. Rfd1 f5 27. gxf6 Qxf6 28. Rd7 g5 29. hxg5 Qxg5+ 30. Kf2 Qh4+ 31. Kg2 Be5 32. Rg1 Bxf4 33. Bxf4 Rxf4 34. Rh1 Qg5+ 35. Kf2 Rxf3+ 36. Ke1 Raf8 37. Rxc7 Re3+ 38. Kd1 Rd8+ 0-1

[Event "CCCSA IM-B"]
[Site "Charlotte USA"]
[Date "2017.04.01"]
[Round "6.4"]
[White "Homa, Seth"]
[Black "Zhang, Yuanchen"]
[Result "1/2-1/2"]
[WhiteElo "2326"]
[BlackElo "2268"]
[PlyCount "50"]
[GameId "2130307634953355"]
[EventDate "2017.03.29"]
[EventType "tourn"]
[EventRounds "9"]
[EventCountry "USA"]
[EventCategory "3"]
[SourceTitle "10 Days #504"]
[Source "Chess Mix"]
[SourceDate "2017.04.20"]
[SourceVersion "1"]
[SourceVersionDate "2017.04.20"]
[SourceQuality "1"]

1. d4 Nf6 2. Nf3 e6 3. e3 c5 4. Bd3 d5 5. b3 Nc6 6. O-O Bd6 7. Bb2 O-O 8. Nbd2 b6 9. a3 Bb7 10. Ne5 Ne7 11. Qf3 Ng6 12. Qh3 Ne4 13. Nxe4 dxe4 14. Bc4 Nxe5 15. dxe5 Be7 16. Rad1 Qe8 17. Rd2 b5 18. Be2 Qc6 19. c4 a6 20. Qg3 Rfd8 21. Rd6 Qe8 22. Rfd1 Kh8 23. Qf4 Kg8 24. Qg3 Kh8 25. Qf4 Kg8 1/2-1/2

[Event "CCCSA IM-B"]
[Site "Charlotte USA"]
[Date "2017.04.01"]
[Round "7.2"]
[White "Zhang, Yuanchen"]
[Black "Balleisen, Aaron"]
[Result "1-0"]
[WhiteElo "2268"]
[BlackElo "2196"]
[PlyCount "91"]
[GameId "2130307634953358"]
[EventDate "2017.03.29"]
[EventType "tourn"]
[EventRounds "9"]
[EventCountry "USA"]
[EventCategory "3"]
[SourceTitle "10 Days #504"]
[Source "Chess Mix"]
[SourceDate "2017.04.20"]
[SourceVersion "1"]
[SourceVersionDate "2017.04.20"]
[SourceQuality "1"]

1. d4 Nf6 2. c4 e6 3. Nc3 c5 4. d5 exd5 5. cxd5 Bd6 6. e4 O-O 7. Nf3 Bc7 8. Bd3 d6 9. h3 Re8 10. O-O a6 11. a4 Nbd7 12. Bf4 Nf8 13. Nd2 Ng6 14. Bh2 Ne5 15. Bc2 Rb8 16. f4 Ng6 17. f5 Ne5 18. Bxe5 Rxe5 19. Nc4 Nd7 20. Nxe5 Nxe5 21. f6 b5 22. axb5 axb5 23. Ne2 Bb6 24. Kh1 g6 25. Qc1 Qf8 26. Ng1 c4 27. Qd2 c3 28. bxc3 Nc4 29. Qf4 b4 30. cxb4 Bd4 31. Nf3 Bxa1 32. Rxa1 Rxb4 33. Bd3 Nb6 34. Qd2 Ra4 35. Rxa4 Nxa4 36. Nd4 Qd8 37. Qg5 h6 38. Qh4 Kh7 39. Nc6 Qe8 40. Qf4 Nc5 41. Bc2 Qd7 42. Ne7 Ba6 43. e5 dxe5 44. Bxg6+ fxg6 45. f7 exf4 46. f8=Q 1-0